Catálogo

Vista normal Vista MARC

Entrada Personal Name

Número de registros utilizados en: 1

001 - CONTROL NUMBER

  • control field: 15376

003 - CONTROL NUMBER IDENTIFIER

  • control field: DLC

005 - DATE AND TIME OF LATEST TRANSACTION

  • control field: 20240215163919.0

008 - FIXED-LENGTH DATA ELEMENTS

  • fixed length control field: 800213n| azannaabn |a aaa

010 ## - LIBRARY OF CONGRESS CONTROL NUMBER

  • LC control number: n 50001989

035 ## - SYSTEM CONTROL NUMBER

  • System control number: (OCoLC)oca00037649

040 ## - CATALOGING SOURCE

  • Original cataloging agency: DLC
  • Language of cataloging: spa
  • Transcribing agency: Mx-PuUPA
  • Modifying agency: DLC
  • Description conventions: rda
  • Modifying agency: MiU
  • Modifying agency: Mx-PuUPA

046 ## - SPECIAL CODED DATES

  • Birth date: 1889
  • Death date: 1968

100 1# - HEADING--PERSONAL NAME

  • Personal name: Ashton, T. S.,
  • Fuller form of name: (Thomas Southcliffe)
  • Dates associated with a name: 1889-1968

370 ## - ASSOCIATED PLACE

  • Associated country: Gran Bretaña
  • Source of term: naf

374 ## - OCCUPATION

  • Occupation: Autor

375 ## - GENDER

  • Gender: hombre

377 ## - ASSOCIATED LANGUAGE

  • Language code: eng

378 ## - FULLER FORM OF PERSONAL NAME

  • Fuller form of personal name: Thomas Southcliffe

400 1# - SEE FROM TRACING--PERSONAL NAME

  • Control subfield: nna
  • Personal name: Ashton, Thomas Southcliffe
  • Dates associated with a name: 1889-1968

670 ## - SOURCE DATA FOUND

  • Source citation: His Iron and steel in the industrial revolution ... 1924.

670 ## - SOURCE DATA FOUND

  • Source citation: His The industrial revolution, 1760-1830, 1968:
  • Information found: CIP t.p. (T.S. Ashton)

670 ## - SOURCE DATA FOUND

  • Source citation: LC data base, 10-30-85
  • Information found: (hdg.: Ashton, Thomas Southcliffe; usage: T.S. Ashton)

670 ## - SOURCE DATA FOUND

  • Source citation: Wikipedia, viewed July 10, 2015
  • Information found: (Thomas Southcliffe Ashton (1889-1968) was an English economic historian.)
  • Uniform Resource Identifier: https://en.wikipedia.org/wiki/T._S._Ashton